Riconosci il Pokémon - Quiz n°200 - Statistics

Statistiche generali
  • Questo quiz è stato fatto 38 volte
  • Il punteggio medio è 9 su 10
Statistiche sulle risposte
Indizio Risposta % Corretto
Generazione Quarta
100%
Tipo Coleottero / Erba (Manto Pianta); Coleottero / Terra (Manto Sabbia); Coleottero / Acciaio (Manto Scarti)
97%
Stadio evoluzione Prima evoluzione
91%
Abilità Presagio; Copricapo
88%
Altezza 0,5 m
84%
Sesso 100% ♀
84%
Tasso di cattura 45 (11.9%)
84%
Peso 6,5 kg
84%
Tasso di allevamento Medio-Veloce
84%
Pokémon Wormadam
78%
Nessun quiz corrispondente trovato
Distribuzione punteggi
Percentuale di utenti per punteggio
Percentile per numero di risposta
I tuoi punteggi nel tempo
Non hai fatto questo quiz